000 01007cab a22002415a 4500
001 L137922
008 070508e20070426xxk f g 000 0 eng d
035 _a(Sirsi) u137922
041 0 _aeng
100 1 _aLangdon-Down, Grania
245 0 2 _aA new lease of life
260 _c2007
490 0 _aLaw Society's Gazette
_v104(17) 26 April 2007, 20-21(2)
520 _aDiscusses key issues and changes affecting landlord and tenant legal work, including the tenancy deposit scheme, home information packs, ?The code for leasing business premises in England and Wales? (L137317) and ?Service charges in commercial property: RICS code of practice? (L133990).
590 _aKA
650 2 4 _aHOME INFORMATION PACKS
650 2 4 _aTENANCY DEPOSIT SCHEME (TDS)
650 2 4 _aCODE FOR LEASING BUSINESS PREMISES IN ENGLAND AND WALES
650 2 4 _aRICS CODE OF PRACTICE: SERVICE CHARGES IN COMMERCIAL PROPERTY
651 4 _aEngland and Wales
_y1543-
690 _aPROPERTY-LANDLORD AND TENANT
942 _n0
999 _c78738
_d78738